|
|
|
|
| LEADER |
00000nab a2200000 a 4500 |
| 001 |
vtls000114345 |
| 003 |
SK-MaSNL |
| 005 |
20260304070417.0 |
| 008 |
250423c1982 xo 0 slo |
| 015 |
|
|
|a SNBRB19rr/mm-uuuuu
|
| 035 |
|
|
|a CL0124448
|
| 035 |
|
|
|a urn:nbn:sk:snk-ab32u
|
| 035 |
|
|
|a (urnnbn)urn:nbn:sk:snk:ar-0059er
|
| 035 |
|
|
|a (uuid)983afcc1-e9a8-4ec3-83e0-8f70daf6a2d5
|
| 040 |
|
|
|a SNKBUCL
|b slo
|c SNKBUCL
|e AACR2
|
| 041 |
0 |
|
|a slo
|
| 044 |
|
|
|a xo
|c SK
|
| 080 |
|
|
|a 630 3
|2 1981
|
| 100 |
1 |
|
|a Sahúľ, Štefan
|4 aut
|9 576493
|
| 245 |
1 |
0 |
|a Seminár vo Východoslovenských štátnych lesoch- technika a technológia výroby listnáčového dreva
|c Štefan Sahúľ
|
| 610 |
2 |
7 |
|a Východoslovenské štátne lesy (Košice, Slovensko)
|2 snkbucl
|9 29878
|
| 650 |
0 |
7 |
|a listnaté drevo
|2 snkbucl
|9 376483
|
| 650 |
0 |
7 |
|a ťažba dreva
|2 snkbucl
|9 16648
|
| 655 |
|
7 |
|a články z novín a časopisov
|2 snkbucl
|9 267496
|
| 773 |
0 |
|
|t Lesnícky časopis
|g Roč. 28, č. 2 (1982), s. 138-140
|
| 850 |
|
|
|a Slovenská národná knižnica
|
| 852 |
|
|
|a Slovenská národná knižnica
|
| 954 |
|
|
|a odborná, vedecká literatúra pôvodná (slovenská)
|2 lita
|
| 957 |
|
|
|a 5400
|
| 958 |
|
|
|a article2022
|
| 958 |
|
|
|a OND
|
| 958 |
|
|
|a RK
|
| 958 |
|
|
|a EUIPO
|
| 992 |
|
|
|a RBX
|
| 999 |
|
|
|c 2755666
|d 2757596
|